000 00948nam a2200181 a 4500
001 000036677
005 20200930075852.0
008 120124s1968 es abc 000 0 spa d
040 _aDO-SdBNP
_bspa
_cBNPHU
245 0 0 _aHistoria universal de las exploraciones :
_pEl tiempo de los grandes veleros /
_cpublicada bajo la dirección de L.-H. Parias ; prefacio de Lucien Febvre.
260 _aMadrid :
_bEspasa-Calpe,
_c1968.
300 _a376 p. :
_bil., map., retrs. ;
_c24 cm.
500 _aLa biblioteca posee el v. 3
505 0 _gv. 1 -
_tLa prehistoria al fin de la edad media. --
_gv. 2-
_tEl renacimiento [1415-1600]. --
_gv. 3 -
_tEl tiempo de los grandes veleros /
_rPierre Jacques Charllat
_gv. 4 -
_tEpoca contemporánea. --
_gv. 5 -
_tExploración del sistema solar. --
_gv. 6 -
_tLa exploración de la luna.
700 1 2 _aCharliat, Pierre-Jacques
_962957
700 1 2 _aParias, Louis-Henri,
_eed.
_962958
700 1 2 _aMorales Padrón, Francisco
_915719
999 _c36168
_d36168